000 00359nam a22001217a 4500
999 _c4978
_d4978
008 250428b ||||| |||| 00| 0 eng d
020 _a9780062976932
082 _a813.6 HAY
100 _aHAYDU,COREY ANN
_eAUTHOR
245 _aTHE WIDELY UNKNOWN MYTH OF APPLE& DOROTHY
260 _a195 BROADWAY NEW YORK,NY 10007
_bHARPERCOLLINS CHILDREN'S BOOKS
942 _2ddc